Taylor Swift - Speak Now Original or From The Vault - Statistics

General Stats
  • This quiz has been taken 58 times
  • The average score is 12 of 12
Answer Stats
Hint Answer % Correct
Electric Touch From The Vault
100%
When Emma Falls in Love From The Vault
100%
Mean Original
100%
Better Than Revenge Original
100%
I Can See You From The Vault
96%
Timeless From The Vault
96%
Innocent Original
96%
Haunted Original
96%
Castles Crumbling From The Vault
93%
Superman Original
93%
Last Kiss Original
93%
Foolish One From The Vault
89%
No matching quizzes found
Score Distribution
Percent of People with Each Score
Percentile by Number Answered
Your Score History
You have not taken this quiz